000 00340nam a2200145Ia 4500
005 20250423101440.0
008 250422s9999 xx 000 0 und d
020 _a0- 7607- 0880- 0
100 _aPriscilla Berthiaume
245 4 _aThe states of the union
260 _bDove tail books
260 _c1998
300 _a64 p
942 _cBK
999 _c36332
_d36332